[Event "20. Abierto de la Constitucion 2018"]
[Site "S. S. de los Reyes ESP"]
[Date "2018.12.02"]
[Round "2.18"]
[White "Palomares Cortez, Facundo Sebast"]
[Black "Garcia Estebanez, Diego"]
[Result "1-0"]
[WhiteElo "1684"]
[BlackElo "1168"]
[PlyCount "27"]
[EventDate "2018.12.01"]
[EventType "swiss"]
[EventRounds "9"]
[EventCountry "ESP"]
[SourceTitle "Ajedrez en Madrid"]
[Source "lmi"]
[SourceDate "2018.12.01"]

1. e4 e5 2. Nf3 Nc6 3. Bc4 Nf6 4. Nc3 Bc5 5. d3 d6 6. h3 O-O 7. Bg5 Nd4 8. Nd5
c6 9. Nxf6+ gxf6 10. Bh6 Re8 11. Nxd4 Bxd4 12. Qf3 Kh8 13. Bxf7 Re7 14. Qxf6#
1-0

[Event "20. Abierto de la Constitucion 2018"]
[Site "S. S. de los Reyes ESP"]
[Date "2018.12.02"]
[Round "2.20"]
[White "Enriquez Pastor, Jorge"]
[Black "Lopez Orellana, Federico"]
[Result "1/2-1/2"]
[WhiteElo "1465"]
[BlackElo "1683"]
[PlyCount "100"]
[EventDate "2018.12.01"]
[EventType "swiss"]
[EventRounds "9"]
[EventCountry "ESP"]
[SourceTitle "Ajedrez en Madrid"]
[Source "lmi"]
[SourceDate "2018.12.01"]

1. e4 c5 2. c4 e6 3. Ne2 Nc6 4. d4 cxd4 5. Nxd4 a6 6. Be3 Nf6 7. f3 Bb4+ 8. Nc3
Qc7 9. Rc1 O-O 10. Be2 d6 11. O-O Bc5 12. Bf2 Nxd4 13. Bxd4 Rd8 14. Kh1 Bxd4
15. Qxd4 Bd7 16. Rfd1 Bc6 17. Qf2 Qe7 18. Qh4 Nd5 19. Qxe7 Nxe7 20. Rd2 Rd7 21.
Rcd1 Rad8 22. Kg1 Kf8 23. Bd3 Ng6 24. Bc2 Ne7 25. Ba4 d5 26. Bxc6 bxc6 27. cxd5
cxd5 28. exd5 Nxd5 29. Nxd5 Rxd5 30. Rxd5 exd5 31. Kf2 Rb8 32. b3 Rb5 33. Re1
a5 34. Ke2 Ke7 35. Kd3+ Kd6 36. Re8 a4 37. Kc3 axb3 38. axb3 Rb7 39. Rd8+ Ke5
40. b4 Rc7+ 41. Kd3 Rb7 42. Kc3 Rc7+ 43. Kb3 Kd4 44. b5 Kc5 45. Rb8 d4 46. b6
Rd7 47. b7 Kb6 48. Kc4 Kc7 49. Re8 Kxb7 50. Re1 Kc6 1/2-1/2

[Event "20. Abierto de la Constitucion 2018"]
[Site "S. S. de los Reyes ESP"]
[Date "2018.12.02"]
[Round "2.21"]
[White "Perdiguero Herreros, Alejandro"]
[Black "Gonzalez Morente, Jose A"]
[Result "1-0"]
[WhiteElo "1635"]
[BlackElo "1449"]
[PlyCount "99"]
[EventDate "2018.12.01"]
[EventType "swiss"]
[EventRounds "9"]
[EventCountry "ESP"]
[SourceTitle "Ajedrez en Madrid"]
[Source "lmi"]
[SourceDate "2018.12.01"]

1. e4 e5 2. Nf3 Nc6 3. Bc4 Bc5 4. c3 Nf6 5. d4 exd4 6. e5 Ng4 7. cxd4 Bb4+ 8.
Nc3 d5 9. Bb5 Bd7 10. a3 Bxc3+ 11. bxc3 a6 12. Ba4 Na5 13. Bg5 f6 14. exf6 Nxf6
15. O-O O-O 16. Bxd7 Qxd7 17. Ne5 Qf5 18. Bxf6 Rxf6 19. Qa4 Nc6 20. Nxc6 Rxc6
21. Qb3 Rb6 22. Qa2 Rf8 23. Rae1 Re6 24. f3 c6 25. Qb3 b5 26. Kf2 Rfe8 27. Qd1
Rxe1 28. Rxe1 Rxe1 29. Kxe1 Qe6+ 30. Qe2 Kf7 31. Qxe6+ Kxe6 32. Ke2 a5 33. Kd3
Kf5 34. Ke3 Kg5 35. g3 h5 36. h3 Kf5 37. f4 g5 38. fxg5 Kxg5 39. Ke2 Kf5 40.
Kf3 Kg5 41. g4 h4 42. Ke3 a4 43. Kf3 Kg6 44. Kf4 Kf6 45. g5+ Kg6 46. Kg4 c5 47.
dxc5 b4 48. cxb4 d4 49. c6 d3 50. Kf3 1-0

[Event "20. Abierto de la Constitucion 2018"]
[Site "S. S. de los Reyes ESP"]
[Date "2018.12.02"]
[Round "2.22"]
[White "Mochon Bernal, Jorge"]
[Black "Bellod Thomas, Gonzalo"]
[Result "1-0"]
[WhiteElo "1439"]
[BlackElo "1633"]
[PlyCount "63"]
[EventDate "2018.12.01"]
[EventType "swiss"]
[EventRounds "9"]
[EventCountry "ESP"]
[SourceTitle "Ajedrez en Madrid"]
[Source "lmi"]
[SourceDate "2018.12.01"]

1. f4 d5 2. Nf3 Nf6 3. e3 Bg4 4. d4 e6 5. Bd3 Nbd7 6. Nbd2 c5 7. c3 Bd6 8. O-O
O-O 9. Qe1 cxd4 10. cxd4 Bb4 11. Qg3 Bxf3 12. Qxf3 Qb6 13. Rf2 Rac8 14. g4 g6
15. g5 Nh5 16. Nf1 Bd6 17. Ng3 Ng7 18. h4 f5 19. h5 Rf7 20. Rh2 Nxh5 21. Nxh5
gxh5 22. Qxh5 Bxf4 23. Rg2 Rxc1+ 24. Rxc1 Bxe3+ 25. Kh1 Bxc1 26. g6 Rg7 27.
gxh7+ Kh8 28. Rxg7 Nf6 29. Qg6 Qd8 30. Rxb7 Nd7 31. Rxd7 Qh4+ 32. Kg2 1-0

[Event "20. Abierto de la Constitucion 2018"]
[Site "S. S. de los Reyes ESP"]
[Date "2018.12.02"]
[Round "2.23"]
[White "Alfaya Martinez, Enrique"]
[Black "Munoz Gonzalez, Martin"]
[Result "1-0"]
[WhiteElo "1594"]
[BlackElo "1414"]
[PlyCount "127"]
[EventDate "2018.12.01"]
[EventType "swiss"]
[EventRounds "9"]
[EventCountry "ESP"]
[SourceTitle "Ajedrez en Madrid"]
[Source "lmi"]
[SourceDate "2018.12.01"]

1. d4 d5 2. Bf4 e6 3. e3 Bd6 4. Bg3 Nf6 5. Nf3 c5 6. c3 cxd4 7. exd4 a6 8. Ne5
Qc7 9. Bd3 Nc6 10. f4 Ne7 11. O-O Ne4 12. Qh5 Bxe5 13. fxe5 Ng6 14. Qf3 Nxg3
15. Qxg3 Qe7 16. Nd2 Qh4 17. Qf3 Qe7 18. Rf2 Rf8 19. Qh5 Qh4 20. Bxg6 Qxh5 21.
Bxh5 Bd7 22. Raf1 g6 23. Be2 Rc8 24. Nf3 h6 25. Nh4 Ke7 26. Bd3 g5 27. Nf3 b5
28. a3 a5 29. h3 Rb8 30. Nd2 a4 31. Rf6 h5 32. Nf3 Rg8 33. Nh2 Rg7 34. Be2 Rh8
35. Nf3 Be8 36. Ne1 Kd7 37. Nd3 Kc7 38. Nb4 Kb6 39. Nxd5+ Kb7 40. Nb4 h4 41.
Bf3+ Kb6 42. d5 g4 43. Bxg4 Bd7 44. Rxf7 Rxf7 45. Rxf7 Be8 46. Rf6 Kc5 47. Bxe6
Rh5 48. Rf5 Rh6 49. Bc8 Rh8 50. Ba6 Bd7 51. e6 Be8 52. e7 Rh7 53. Re5 Kd6 54.
Re4 Rxe7 55. Rxe7 Kxe7 56. Bb7 Kd6 57. Bc8 Bf7 58. Bb7 Kc5 59. Bc6 Bg6 60. Kf2
Be4 61. g4 hxg3+ 62. Kxg3 Bh7 63. Kf4 Bg8 64. Ke5 1-0

[Event "20. Abierto de la Constitucion 2018"]
[Site "S. S. de los Reyes ESP"]
[Date "2018.12.02"]
[Round "2.24"]
[White "Medina Balenciaga, Patricio"]
[Black "Savchuk, Olga"]
[Result "0-1"]
[WhiteElo "1408"]
[BlackElo "1612"]
[PlyCount "118"]
[EventDate "2018.12.01"]
[EventType "swiss"]
[EventRounds "9"]
[EventCountry "ESP"]
[SourceTitle "Ajedrez en Madrid"]
[Source "lmi"]
[SourceDate "2018.12.01"]

1. e4 e5 2. Nf3 Nc6 3. Bc4 Bc5 4. c3 Nf6 5. d4 exd4 6. e5 Ng4 7. O-O dxc3 8.
Nxc3 O-O 9. h3 Ngxe5 10. Nxe5 Nxe5 11. Bb3 c6 12. Bf4 Ng6 13. Bd6 Bxd6 14. Qxd6
Qe7 15. Qg3 d5 16. Rfe1 Qf6 17. Rad1 Bf5 18. Rd2 Rae8 19. Ree2 d4 20. Na4 d3
21. Re3 b6 22. Nc3 Re7 23. Bc4 Ne5 24. Ne4 Bxe4 25. Rxe4 Rfe8 26. Bxd3 Nxd3 27.
Rxe7 Qxe7 28. Rxd3 Qe1+ 29. Kh2 h6 30. Re3 Rxe3 31. fxe3 Qxg3+ 32. Kxg3 Kf8 33.
Kf4 Ke7 34. g4 Ke6 35. Ke4 c5 36. b3 g6 37. h4 f5+ 38. gxf5+ gxf5+ 39. Kf4 b5
40. e4 fxe4 41. Kxe4 Kd6 42. h5 Ke6 43. a3 a6 44. a4 bxa4 45. bxa4 Kd6 46. Kd3
Kd5 47. a5 c4+ 48. Kc3 Kc5 49. Kc2 Kb4 50. Kb2 Kxa5 51. Kc3 Kb5 52. Kb2 Kb4 53.
Kc2 a5 54. Kb2 a4 55. Kc2 a3 56. Kb1 Kb3 57. Ka1 Kc2 58. Ka2 c3 59. Kxa3 Kd1
0-1

[Event "20. Abierto de la Constitucion 2018"]
[Site "S. S. de los Reyes ESP"]
[Date "2018.12.02"]
[Round "2.25"]
[White "Martin Rodriguez, Jose Luis"]
[Black "Hidalgo Prado, David"]
[Result "0-1"]
[WhiteElo "1270"]
[BlackElo "1588"]
[PlyCount "108"]
[EventDate "2018.12.01"]
[EventType "swiss"]
[EventRounds "9"]
[EventCountry "ESP"]
[SourceTitle "Ajedrez en Madrid"]
[Source "lmi"]
[SourceDate "2018.12.01"]

1. c4 e5 2. Nc3 Nf6 3. Nf3 Nc6 4. g3 d5 5. cxd5 Nxd5 6. Bg2 Nb6 7. d3 Be7 8.
O-O O-O 9. a3 a5 10. Be3 Be6 11. Rc1 f6 12. Na4 Kh8 13. Nc5 Qc8 14. Nxe6 Qxe6
15. Nd2 Rfd8 16. Qb3 Qxb3 17. Nxb3 Na4 18. Rc2 Bd6 19. Rfc1 Ne7 20. Bd2 Nc6 21.
g4 Kg8 22. h4 Kf7 23. Be4 g6 24. Bh6 Ne7 25. g5 f5 26. Bf3 c6 27. Nc5 Nxc5 28.
Rxc5 Bxc5 29. Rxc5 Ng8 30. Rxe5 Nxh6 31. gxh6 Re8 32. Rc5 Kf6 33. h5 Re5 34.
Rc4 g5 35. Rd4 Rae8 36. Rd7 R8e7 37. Rd6+ R5e6 38. Rd8 g4 39. Bg2 Rxe2 40. Rd6+
R2e6 41. Rd4 Kg5 42. f3 Kxh5 43. fxg4+ fxg4 44. Kh2 Kg5 45. Re4 Rxe4 46. Bxe4
Kxh6 47. Kg3 Kg5 48. b4 h5 49. Kg2 Rxe4 50. dxe4 Kf4 51. Kf2 Kxe4 52. Kg3 axb4
53. axb4 Kd4 54. Kh4 Kc4 0-1

[Event "20. Abierto de la Constitucion 2018"]
[Site "S. S. de los Reyes ESP"]
[Date "2018.12.02"]
[Round "2.26"]
[White "Haering Hijon, Javier"]
[Black "Lopez Sanz, David"]
[Result "1-0"]
[WhiteElo "1555"]
[BlackElo "1395"]
[PlyCount "85"]
[EventDate "2018.12.01"]
[EventType "swiss"]
[EventRounds "9"]
[EventCountry "ESP"]
[SourceTitle "Ajedrez en Madrid"]
[Source "lmi"]
[SourceDate "2018.12.01"]

1. e4 e5 2. Nf3 Nc6 3. Bc4 Bc5 4. c3 Nf6 5. d3 d6 6. b4 Bb6 7. a4 a6 8. O-O h6
9. h3 O-O 10. Be3 Ba7 11. Bxa7 Rxa7 12. Nbd2 Be6 13. Re1 Qd7 14. Bxe6 Qxe6 15.
Nc4 Ne7 16. Qe2 Ng6 17. b5 Nf4 18. Qe3 Raa8 19. Reb1 a5 20. Ncd2 Nh7 21. d4 Qg6
22. Nh4 Qg5 23. Ndf3 Qf6 24. dxe5 dxe5 25. Nf5 Rad8 26. Rd1 Ng5 27. Kf1 Kh7 28.
Nxg5+ Qxg5 29. Ng3 h5 30. Qf3 h4 31. Nf5 g6 32. Ne3 Rd3 33. Rxd3 Nxd3 34. Rd1
Nc5 35. Nd5 f5 36. Nxc7 Kg8 37. exf5 Rxf5 38. Qd5+ Kh7 39. Qxc5 Rf7 40. b6 Qh5
41. Qd5 g5 42. Ne6 e4 43. Nxg5+ 1-0

[Event "20. Abierto de la Constitucion 2018"]
[Site "S. S. de los Reyes ESP"]
[Date "2018.12.02"]
[Round "2.27"]
[White "Criado Jimenez, Jose"]
[Black "Ruiz Grau, David"]
[Result "1-0"]
[WhiteElo "1527"]
[BlackElo "1289"]
[PlyCount "117"]
[EventDate "2018.12.01"]
[EventType "swiss"]
[EventRounds "9"]
[EventCountry "ESP"]
[SourceTitle "Ajedrez en Madrid"]
[Source "lmi"]
[SourceDate "2018.12.01"]

1. e4 c6 2. d4 d5 3. Nc3 dxe4 4. Nxe4 Nd7 5. Nf3 Ngf6 6. Bd3 Nxe4 7. Bxe4 Nf6
8. Bd3 Bg4 9. c3 e6 10. Bf4 Be7 11. h3 Bh5 12. g4 Bg6 13. Ne5 Bxd3 14. Qxd3 Qd5
15. O-O Qe4 16. Qe3 Qxe3 17. Bxe3 Ne4 18. f4 f6 19. Nd3 h5 20. Nf2 Nxf2 21.
Rxf2 hxg4 22. hxg4 Kd7 23. Rh2 Bd6 24. Rxh8 Rxh8 25. Rf1 Ke7 26. Kg2 a5 27. a4
g6 28. Rf3 b6 29. Rh3 Rxh3 30. Kxh3 c5 31. Kg2 e5 32. dxe5 fxe5 33. fxe5 Bxe5
34. Kf3 Ke6 35. Ke4 Bf6 36. Bf4 Bd8 37. b3 c4 38. bxc4 Be7 39. Be3 Bc5 40. Bd4
g5 41. Be5 Be7 42. Bc7 Bc5 43. Bd8 Kf7 44. Bxg5 Kg6 45. Be3 Bxe3 46. Kxe3 Kg5
47. Kd4 Kxg4 48. Kd5 Kf4 49. Kc6 Ke4 50. Kxb6 Kd3 51. c5 Kxc3 52. Kxa5 Kc4 53.
c6 Kb3 54. c7 Kc4 55. c8=Q+ Kb3 56. Kb5 Kb2 57. Kb4 Ka1 58. Kb3 Kb1 59. Qc2+
1-0

[Event "20. Abierto de la Constitucion 2018"]
[Site "S. S. de los Reyes ESP"]
[Date "2018.12.02"]
[Round "2.28"]
[White "Diez Cuarental, Luis"]
[Black "Pindado Del Carmen, Eliseo"]
[Result "0-1"]
[WhiteElo "1233"]
[BlackElo "1525"]
[PlyCount "120"]
[EventDate "2018.12.01"]
[EventType "swiss"]
[EventRounds "9"]
[EventCountry "ESP"]
[SourceTitle "Ajedrez en Madrid"]
[Source "lmi"]
[SourceDate "2018.12.01"]

1. e4 c5 2. Nf3 d6 3. d4 cxd4 4. Nxd4 Nf6 5. Nc3 a6 6. Be3 Nc6 7. Nb3 b5 8. a3
Bb7 9. Be2 Qc7 10. Qd2 Ne5 11. f3 Nc4 12. Bxc4 bxc4 13. Nd4 e6 14. O-O Be7 15.
Rab1 Rb8 16. Bf2 O-O 17. Bg3 Nh5 18. Bf2 Nf6 19. Bg3 Nh5 20. Bf2 Qd8 21. Qe2
Qc7 22. Qd2 Qa5 23. Nde2 Rfd8 24. Nf4 Nxf4 25. Qxf4 Bg5 26. Qg3 Bf6 27. Ne2 Qd2
28. Rbc1 Bxb2 29. Rb1 Be5 30. f4 Qxe2 31. fxe5 dxe5 32. h3 Qxe4 33. Rfe1 Qxc2
34. Ba7 Qd3 35. Qxd3 cxd3 36. Bxb8 Rxb8 37. Red1 e4 38. Kf2 Kf8 39. Rb4 f5 40.
Ke3 g5 41. Kd4 Rd8+ 42. Ke5 Bd5 43. Rb6 Ra8 44. Kd4 Kf7 45. Rb2 Kf6 46. Rf2 Rc8
47. Rb2 Rc4+ 48. Ke3 Ke5 49. Rb8 f4+ 50. Kf2 Rc2+ 51. Kf1 d2 52. Ke2 Bc4+ 53.
Kf2 e3+ 54. Kf3 Rc1 55. Rxc1 dxc1=Q 56. Rc8 Bd5+ 57. Ke2 Qxc8 58. g4 Qc2+ 59.
Ke1 Qd2+ 60. Kf1 Qf2# 0-1

[Event "20. Abierto de la Constitucion 2018"]
[Site "S. S. de los Reyes ESP"]
[Date "2018.12.02"]
[Round "2.29"]
[White "Rubio Gonzalez, Beltran"]
[Black "Luque Sanz, Victor"]
[Result "1-0"]
[WhiteElo "1510"]
[BlackElo "1236"]
[PlyCount "47"]
[EventDate "2018.12.01"]
[EventType "swiss"]
[EventRounds "9"]
[EventCountry "ESP"]
[SourceTitle "Ajedrez en Madrid"]
[Source "lmi"]
[SourceDate "2018.12.01"]

1. d4 d5 2. Bf4 Nf6 3. e3 Nc6 4. Nd2 Bf5 5. c4 e6 6. a3 Bd6 7. Bg3 Bxg3 8. hxg3
O-O 9. Ngf3 Re8 10. Ne5 Nxe5 11. dxe5 Ne4 12. Nxe4 dxe4 13. Be2 Qxd1+ 14. Rxd1
Rad8 15. Rd2 f6 16. exf6 gxf6 17. Kd1 e5 18. Kc2 Bd7 19. Rhd1 Re7 20. Bg4 Ba4+
21. b3 Bxb3+ 22. Kxb3 Rxd2 23. Rxd2 Rf7 24. Be6 1-0

[Event "20. Abierto de la Constitucion 2018"]
[Site "S. S. de los Reyes ESP"]
[Date "2018.12.02"]
[Round "2.30"]
[White "Rial Rodriguez, Marta"]
[Black "Diaz Guzman, David"]
[Result "1-0"]
[WhiteElo "1503"]
[BlackElo "1126"]
[PlyCount "41"]
[EventDate "2018.12.01"]
[EventType "swiss"]
[EventRounds "9"]
[EventCountry "ESP"]
[SourceTitle "Ajedrez en Madrid"]
[Source "lmi"]
[SourceDate "2018.12.01"]

1. e4 e5 2. Nf3 Nc6 3. d4 d6 4. d5 Nce7 5. c4 Nf6 6. Nc3 Ng6 7. Be2 Be7 8. h3
O-O 9. Bd2 c5 10. g4 h6 11. Qc1 Kh7 12. g5 hxg5 13. Nxg5+ Kg8 14. h4 Bg4 15.
Bxg4 Nxg4 16. f3 Nh6 17. h5 Bxg5 18. Bxg5 f6 19. Bxh6 gxh6 20. hxg6 Qe8 21.
Qxh6 1-0

[Event "20. Abierto de la Constitucion 2018"]
[Site "S. S. de los Reyes ESP"]
[Date "2018.12.03"]
[Round "3.1"]
[White "Lianes Garcia, Marcos"]
[Black "Aziz Ortego, Omar Luis"]
[Result "1-0"]
[WhiteElo "2330"]
[BlackElo "2053"]
[PlyCount "129"]
[EventDate "2018.12.01"]
[EventType "swiss"]
[EventRounds "9"]
[EventCountry "ESP"]
[SourceTitle "Ajedrez en Madrid"]
[Source "lmi"]
[SourceDate "2018.12.01"]

1. d4 e6 2. c4 d5 3. Nc3 Nf6 4. cxd5 exd5 5. Bg5 Be7 6. e3 h6 7. Bh4 O-O 8. Qc2
Nc6 9. a3 Be6 10. Bd3 Rc8 11. Nge2 Nd7 12. Bg3 Nb6 13. O-O Na5 14. Nf4 Nac4 15.
Nxe6 fxe6 16. Ne2 c5 17. Nf4 Rxf4 18. Bxf4 cxd4 19. exd4 Ne3 20. Qe2 Nxf1 21.
Qxe6+ Kh8 22. Rxf1 Bf6 23. Qf5 Qg8 24. Bxh6 gxh6 25. Qxf6+ Qg7 26. Qxg7+ Kxg7
27. Rb1 Kf6 28. g3 Nd7 29. Rd1 Nf8 30. Bb1 Ke6 31. Kg2 Kd6 32. Bf5 Rc7 33. h3
Ne6 34. Bxe6 Kxe6 35. Kf3 Rc2 36. Re1+ Kd6 37. Re2 Rc4 38. Rd2 Ke6 39. Kg4 Kf6
40. h4 a5 41. Kf4 h5 42. f3 Rc1 43. Rd3 a4 44. Rd2 b5 45. g4 hxg4 46. fxg4 Rf1+
47. Kg3 Rg1+ 48. Kf3 Rh1 49. Rf2 Ke6 50. h5 Rh3+ 51. Kf4 Rd3 52. Re2+ Kd6 53.
h6 Rxd4+ 54. Kf5 Rd3 55. g5 Rh3 56. Rg2 Ke7 57. Ke5 Kf7 58. g6+ Kg8 59. Rc2
Re3+ 60. Kxd5 Re8 61. Rh2 Kh8 62. h7 Re7 63. Kc5 Rb7 64. Kb4 Rg7 65. Rg2 1-0

[Event "20. Abierto de la Constitucion 2018"]
[Site "S. S. de los Reyes ESP"]
[Date "2018.12.03"]
[Round "3.2"]
[White "Lozano Suarez, Luis Miguel"]
[Black "Romero Fite, Miguel"]
[Result "1-0"]
[WhiteElo "2135"]
[BlackElo "2003"]
[PlyCount "51"]
[EventDate "2018.12.01"]
[EventType "swiss"]
[EventRounds "9"]
[EventCountry "ESP"]
[SourceTitle "Ajedrez en Madrid"]
[Source "lmi"]
[SourceDate "2018.12.01"]

1. d4 Nf6 2. Bf4 d5 3. e3 e6 4. Nf3 Bd6 5. Bxd6 Qxd6 6. Nbd2 O-O 7. Ne5 c5 8.
c3 b6 9. f4 Ba6 10. Bxa6 Nxa6 11. O-O Nb8 12. g4 Nfd7 13. g5 Nc6 14. Nxc6 Qxc6
15. Nf3 b5 16. Ne5 Nxe5 17. fxe5 cxd4 18. exd4 Qc4 19. Rf3 b4 20. Rh3 bxc3 21.
bxc3 g6 22. Qg4 f5 23. gxf6 Rae8 24. Kh1 Rf7 25. Rg1 Kf8 26. Qxg6 1-0

[Event "20. Abierto de la Constitucion 2018"]
[Site "S. S. de los Reyes ESP"]
[Date "2018.12.03"]
[Round "3.3"]
[White "Lin, Yingrui"]
[Black "Hernandez Ramos, David"]
[Result "0-1"]
[WhiteElo "2017"]
[BlackElo "2078"]
[PlyCount "78"]
[EventDate "2018.12.01"]
[EventType "swiss"]
[EventRounds "9"]
[EventCountry "ESP"]
[SourceTitle "Ajedrez en Madrid"]
[Source "lmi"]
[SourceDate "2018.12.01"]

1. d4 e6 2. Nf3 Nf6 3. Bf4 c5 4. e3 b6 5. Nbd2 Bb7 6. Bd3 Be7 7. h3 Nc6 8. c3
O-O 9. O-O d6 10. Ne4 Nxe4 11. Bxe4 Na5 12. Bc2 Rc8 13. dxc5 bxc5 14. Qe2 Rc6
15. c4 e5 16. Bg3 Rb6 17. b3 f5 18. Rad1 Qe8 19. Nd2 Nc6 20. Nb1 Nb4 21. Nc3
Nxc2 22. Qxc2 g5 23. f4 gxf4 24. exf4 e4 25. Bf2 Qg6 26. Be3 Rf7 27. Ne2 Rg7
28. g3 d5 29. cxd5 Ba6 30. Bf2 Qh5 31. Rfe1 Rh6 32. Bxc5 Qxh3 33. Kf2 Rxg3 34.
Rg1 Qh2+ 35. Ke1 Rxg1+ 36. Bxg1 Bb4+ 37. Kf1 Qxf4+ 38. Bf2 Rh1+ 39. Kg2 Qf3#
0-1

[Event "20. Abierto de la Constitucion 2018"]
[Site "S. S. de los Reyes ESP"]
[Date "2018.12.03"]
[Round "3.4"]
[White "Perez Gonzalez, Jose Manuel"]
[Black "Vazquez Gonzalez, Jesus"]
[Result "1/2-1/2"]
[WhiteElo "2221"]
[BlackElo "1923"]
[PlyCount "68"]
[EventDate "2018.12.01"]
[EventType "swiss"]
[EventRounds "9"]
[EventCountry "ESP"]
[SourceTitle "Ajedrez en Madrid"]
[Source "lmi"]
[SourceDate "2018.12.01"]

1. e4 c5 2. Nf3 e6 3. d4 cxd4 4. Nxd4 Nc6 5. Nc3 Qc7 6. Be3 a6 7. Qd2 Nf6 8.
O-O-O Be7 9. f3 b5 10. Nxc6 dxc6 11. g4 Bb7 12. Qf2 Nd7 13. g5 O-O-O 14. f4 c5
15. Bg2 Qa5 16. Kb1 b4 17. Ne2 Nb6 18. Nc1 Na4 19. e5 Bd5 20. Bxd5 exd5 21. f5
f6 22. Qg2 c4 23. gxf6 gxf6 24. Qg7 Rhe8 25. Ne2 Nxb2 26. Kxb2 Qa3+ 27. Kb1
Qxe3 28. Nd4 b3 29. cxb3 Qe4+ 30. Nc2 cxb3 31. axb3 Qxf5 32. Rhe1 fxe5 33. Qxe5
Qxe5 34. Rxe5 Bf6 1/2-1/2

[Event "20. Abierto de la Constitucion 2018"]
[Site "S. S. de los Reyes ESP"]
[Date "2018.12.03"]
[Round "3.5"]
[White "Montiel Miguelez, Manuel"]
[Black "Quevedo Marin, Manuel"]
[Result "0-1"]
[WhiteElo "1814"]
[BlackElo "2199"]
[PlyCount "88"]
[EventDate "2018.12.01"]
[EventType "swiss"]
[EventRounds "9"]
[EventCountry "ESP"]
[SourceTitle "Ajedrez en Madrid"]
[Source "lmi"]
[SourceDate "2018.12.01"]

1. e4 e5 2. Nf3 Nc6 3. Bb5 a6 4. Ba4 Nf6 5. O-O b5 6. Bb3 Bb7 7. c3 Be7 8. Re1
O-O 9. d4 d6 10. Nbd2 Re8 11. Nf1 Bf8 12. Ng3 g6 13. Bg5 Bg7 14. Qd2 Na5 15.
Bc2 Nc4 16. Qc1 c5 17. d5 Nb6 18. h4 h5 19. Bh6 Ng4 20. Bxg7 Kxg7 21. Ng5 Bc8
22. Qd2 Nc4 23. Qc1 f6 24. Nf3 Nb6 25. Qd1 c4 26. Qe2 Bd7 27. Rad1 Qc7 28. Rc1
Rab8 29. Nf1 Qc5 30. N3h2 Rf8 31. Nxg4 Bxg4 32. Qe3 Qxe3 33. Nxe3 Bd7 34. Rf1
Rbe8 35. f4 exf4 36. Rxf4 f5 37. Rcf1 fxe4 38. Bxe4 Rxf4 39. Rxf4 Na4 40. g4
Nc5 41. gxh5 Rxe4 42. Rf3 gxh5 43. Nf5+ Bxf5 44. Rxf5 Re5 0-1

[Event "20. Abierto de la Constitucion 2018"]
[Site "S. S. de los Reyes ESP"]
[Date "2018.12.03"]
[Round "3.6"]
[White "Pindado Campos, Raul"]
[Black "Minguela Munoz, Bienvenido"]
[Result "1/2-1/2"]
[WhiteElo "2065"]
[BlackElo "1792"]
[PlyCount "60"]
[EventDate "2018.12.01"]
[EventType "swiss"]
[EventRounds "9"]
[EventCountry "ESP"]
[SourceTitle "Ajedrez en Madrid"]
[Source "lmi"]
[SourceDate "2018.12.01"]

1. e4 c5 2. Nf3 Nc6 3. d4 cxd4 4. Nxd4 Nf6 5. Nc3 e5 6. Ndb5 d6 7. Nd5 Nxd5 8.
exd5 Nb8 9. a4 a6 10. Na3 Be7 11. Be3 O-O 12. Nc4 Nd7 13. a5 f5 14. Be2 f4 15.
Bb6 Qe8 16. Bh5 g6 17. Bg4 Nf6 18. Be2 Bf5 19. f3 Rc8 20. Bf2 e4 21. fxe4 Bxe4
22. O-O Qf7 23. Nb6 Rxc2 24. Ra4 Rc7 25. Rd4 g5 26. Re1 Qg6 27. Bc4 Bf5 28. b3
Ng4 29. Rd2 Nxf2 30. Rxf2 Bf6 1/2-1/2

[Event "20. Abierto de la Constitucion 2018"]
[Site "S. S. de los Reyes ESP"]
[Date "2018.12.03"]
[Round "3.7"]
[White "Rodriguez Garcia, Alberto"]
[Black "Lorenzo Bailador, Alfredo"]
[Result "1/2-1/2"]
[WhiteElo "1781"]
[BlackElo "2044"]
[PlyCount "66"]
[EventDate "2018.12.01"]
[EventType "swiss"]
[EventRounds "9"]
[EventCountry "ESP"]
[SourceTitle "Ajedrez en Madrid"]
[Source "lmi"]
[SourceDate "2018.12.01"]

1. d4 d5 2. c4 e6 3. Nc3 Be7 4. Nf3 Nf6 5. Bg5 h6 6. Bh4 O-O 7. e3 Nbd7 8. Rc1
c6 9. Bd3 dxc4 10. Bxc4 Nd5 11. Bxe7 Qxe7 12. O-O Nxc3 13. Rxc3 e5 14. dxe5
Nxe5 15. Nxe5 Qxe5 16. Qe2 Be6 17. Rd1 Rad8 18. Bxe6 Qxe6 19. a3 Rxd1+ 20. Qxd1
Qf6 21. Qc2 Rd8 22. Kf1 Qd6 23. g3 Qd5 24. h4 Rd6 25. Ke2 Rf6 26. Rc5 Qf3+ 27.
Ke1 g6 28. Rc4 Qh1+ 29. Ke2 Qg2 30. Rf4 Rxf4 31. exf4 Qd5 32. Qd3 Qe6+ 33. Qe3
Qc4+ 1/2-1/2

[Event "20. Abierto de la Constitucion 2018"]
[Site "S. S. de los Reyes ESP"]
[Date "2018.12.03"]
[Round "3.8"]
[White "Chidichimo, Pedro Jose Maria"]
[Black "Martin Rodriguez, Emilio"]
[Result "0-1"]
[WhiteElo "1772"]
[BlackElo "1994"]
[PlyCount "46"]
[EventDate "2018.12.01"]
[EventType "swiss"]
[EventRounds "9"]
[EventCountry "ESP"]
[SourceTitle "Ajedrez en Madrid"]
[Source "lmi"]
[SourceDate "2018.12.01"]

1. e4 c6 2. d4 d5 3. exd5 cxd5 4. c4 Nf6 5. Nc3 g6 6. Nf3 Bg7 7. cxd5 Nxd5 8.
Bc4 Nxc3 9. bxc3 O-O 10. O-O Qc7 11. Qb3 Nc6 12. Ng5 e6 13. Be2 Rd8 14. Ba3 Na5
15. Qb5 Bd7 16. Qc5 Bc6 17. Bb4 Rd5 18. Bxa5 Qxa5 19. Qxa5 Rxa5 20. Nf3 Rc8 21.
Nd2 Bd5 22. Nb3 Ra3 23. f4 Rxc3 0-1

[Event "20. Abierto de la Constitucion 2018"]
[Site "S. S. de los Reyes ESP"]
[Date "2018.12.03"]
[Round "3.9"]
[White "Salgado Nogal, Marcos"]
[Black "Paarup, Torsten"]
[Result "0-1"]
[WhiteElo "1533"]
[BlackElo "1989"]
[PlyCount "44"]
[EventDate "2018.12.01"]
[EventType "swiss"]
[EventRounds "9"]
[EventCountry "ESP"]
[SourceTitle "Ajedrez en Madrid"]
[Source "lmi"]
[SourceDate "2018.12.01"]

1. e4 c5 2. Nf3 d6 3. d4 cxd4 4. Nxd4 Nf6 5. Nc3 g6 6. Be3 Bg7 7. f3 O-O 8. Qd2
Nc6 9. O-O-O d5 10. Nxd5 Nxd5 11. exd5 Qxd5 12. Nb3 Qe5 13. Bd4 Nxd4 14. Qxd4
Qg5+ 15. Qd2 Qh4 16. Kb1 a5 17. Nc1 Qf6 18. Nd3 Bf5 19. Qc1 Ra6 20. Ka1 Rb6 21.
c3 Rc8 22. Qe3 Rxc3 0-1

[Event "20. Abierto de la Constitucion 2018"]
[Site "S. S. de los Reyes ESP"]
[Date "2018.12.03"]
[Round "3.10"]
[White "Cabanas Bravo, Juan Andres"]
[Black "Campos Rodriguez, Alvaro"]
[Result "1-0"]
[WhiteElo "1963"]
[BlackElo "1706"]
[PlyCount "81"]
[EventDate "2018.12.01"]
[EventType "swiss"]
[EventRounds "9"]
[EventCountry "ESP"]
[SourceTitle "Ajedrez en Madrid"]
[Source "lmi"]
[SourceDate "2018.12.01"]

1. e4 c5 2. Nf3 Nc6 3. d4 cxd4 4. Nxd4 e5 5. Nb5 a6 6. Nd6+ Bxd6 7. Qxd6 Qf6 8.
Qa3 Nge7 9. Nc3 O-O 10. Be3 Nd4 11. O-O-O d6 12. h4 h6 13. Qb4 b5 14. Bxd4 Nc6
15. Bxe5 dxe5 16. Qd6 Qf4+ 17. Qd2 Qxd2+ 18. Rxd2 Rd8 19. Rxd8+ Nxd8 20. a4 b4
21. Nd5 Bb7 22. Bc4 Nc6 23. Rd1 Na5 24. Ba2 Kf8 25. f3 Bc6 26. Nxb4 Bxa4 27.
Rd5 Bb5 28. Rxe5 Nc4 29. Bxc4 Bxc4 30. g3 Rd8 31. f4 Re8 32. Rxe8+ Kxe8 33. b3
Bf1 34. Nd3 Ke7 35. b4 g5 36. Kd2 gxf4 37. gxf4 Kd6 38. c4 f6 39. Ke3 Kc6 40.
Kd4 Kd6 41. Nc5 1-0